| 000 | 00685nam a22001817a 4500 | ||
|---|---|---|---|
| 008 | 180704b xxu||||| |||| 00| 0 eng d | ||
| 020 | _c35.00 | ||
| 035 | _aB-305487-507, A-314089 | ||
| 037 | _bBPPD/PUB | ||
| 040 | _bहिन्दी पुस्तक | ||
| 082 | _aक | ||
| 100 | _aशिवानी | ||
| 245 |
_aपूतोंवाली / _c शिवानी |
||
| 260 |
_aदिल्ली _bसरस्वती विहार _c1988 |
||
| 270 |
_aजी.टी. रोड, शाहदरा _b दिल्ली _cदिल्ली _e110032 |
||
| 300 |
_a128पृ.; _c18 सेमी (सजिल्द) |
||
| 942 |
_adpl _cHN _2ddc _hक _mशिवानी |
||
| 999 |
_c12051 _d12051 |
||